000 00539nam a2200181Ia 4500
003 GCL
008 140319s9999 xx 000 0 ara d
040 _aGCL /
_cGCL
082 0 4 _a405
_bس ا
100 1 _aالسيرافى , ابوسعيد الحسن بن
245 1 0 _aادغام القراء /
_cالسيرافى , ابوسعيد الحسن بن
260 _a[S.N] :
_bدار اسامة للنشر والتوزيع ،
_c1986
300 _a840 ص
490 _a
650 0 4 _aالعلم
650 0 4 _aالنحو
942 _2ddc
_cBK
999 _c55405
_d55405